=LDR 00000nam 2200000 4500 =001 INLIS000000000028739 =005 20200219022411 =035 ##$$a 0010-061300000028739 =008 200219################g##########0#ind## =041 ##$$a ind =082 ##$$a 005.756 5 =090 ##$$a 005.756 5, BAT p =100 ##$$a Batubara, Harmen =245 1#$$a Perpetaan dari zaman batu sampai komputer /$c Batubara, harmen =260 ##$$a Bandung :$b Rinacipta,$c 1994 =300 ##$$a Viii, 172 hlm : $b Ilus ; $c 14,5 x 21 cm =650 #4$$a Komputer - program perpetaan =850 ##$$a NBPNMAT =084 ##$$a 005.756 5 BAT p =250 ##$$a Cet. 1 =504 ##$$a Biografi : hlm. 162 - 163 =520 ##$$a Index : hlm. 164 - 172 =990 ##$$a 88.845/Pro.95